Surfaces on driveways (Record no. 115535)
[ view plain ]
| 000 -LEADER | |
|---|---|
| fixed length control field | 01097cam a22002175a 4500 |
| 001 - CONTROL NUMBER | |
| control field | L158838 |
| 008 - FIXED-LENGTH DATA ELEMENTS--GENERAL INFORMATION | |
| fixed length control field | 150807s2015 xxk f 000 0 eng d |
| 035 ## - SYSTEM CONTROL NUMBER | |
| System control number | (Sirsi) u158838 |
| 041 0# - LANGUAGE CODE | |
| Language code of text/sound track or separate title | eng |
| 100 1# - MAIN ENTRY--PERSONAL NAME | |
| Personal name | Yorke, Trevor |
| 245 00 - TITLE STATEMENT | |
| Title | Surfaces on driveways |
| Remainder of title | Part 1 The planning |
| 260 ## - PUBLICATION, DISTRIBUTION, ETC. | |
| Date of publication, distribution, etc. | 2015 |
| 490 #0 - SERIES STATEMENT | |
| Series statement | Letting Update Journal |
| Volume/sequential designation | 23 (2) July 2015, 22-24 |
| 520 ## - SUMMARY, ETC. | |
| Summary, etc. | First in a series of articles on on driveways looks at planning a new driveway and replacing an existing one. Looks at the pros and cons of building a driveway to a residential property. Highlights issues such as checking whether planning permission is required, potential breaches of restrictive covenants, drainage and soakaways, and making the best choice of surfaces. Permission needs to be sought from local authories to drop curbs who may require their own approved contractors to undertake this type of work. For Part 2 see L159032 and Part 3 L159115. |
| 590 ## - LOCAL NOTE (RLIN) | |
| Local note | KA |
| 650 24 - SUBJECT ADDED ENTRY--TOPICAL TERM | |
| Topical term or geographic name entry element | DRIVEWAYS |
| 650 24 - SUBJECT ADDED ENTRY--TOPICAL TERM | |
| Topical term or geographic name entry element | PARKING |
| 651 #4 - SUBJECT ADDED ENTRY--GEOGRAPHIC NAME | |
| Geographic name | ENGLAND AND WALES |
| 690 ## - LOCAL SUBJECT ADDED ENTRY--TOPICAL TERM (OCLC, RLIN) | |
| Topical term or geographic name as entry element | Residential property |
| 9 (RLIN) | 6266 |
| 942 ## - ADDED ENTRY ELEMENTS (KOHA) | |
| Suppress in OPAC | 0 |
| Withdrawn status | Lost status | Source of classification or shelving scheme | Damaged status | Not for loan | Home library | Current library | Shelving location | Date acquired | Total Checkouts | Full call number | Barcode | Date last seen | Copy number | Price effective from | Koha item type |
|---|---|---|---|---|---|---|---|---|---|---|---|---|---|---|---|
| Dewey Decimal Classification | London | London | Journal article | 07/08/2015 | L158838 | 158838-1001 | 06/08/2019 | 1 | 06/08/2019 | Journal article |